Statistics Data 2 - Statistics

General Stats
  • This quiz has been taken 20 times
  • The average score is 9 of 16
Answer Stats
Hint Answer % Correct
What genre of music did Bach play? Classical
100%
In what country is Athens located? Greece
100%
What is the 8th letter in the alphabet? H
100%
What is another name for Table Tennis? Ping-Pong
100%
What direction does the sun set in? West
100%
A group of what animal is referred to as a murder? Crow
75%
What month gains an extra day in leap years? February
75%
What is the biggest country in the world by population? India
75%
What is the 7th element on the periodic table? Nitrogen
50%
Who was the 3rd President of the USA? Thomas Jefferson
50%
Who is the most decorated athlete in Jamaica? Usain Bolt
25%
What is 45*3? 135
0%
What sea directly borders the Baltic countries? Baltic Sea
0%
Who was the lead singer of The Beatles? John Lennon
0%
What is the tallest mountain in the US? Mt. Denali
0%
Who freed South Africa from apartheid? Nelson Mandela
0%
No matching quizzes found
Score Distribution
Percent of People with Each Score
Percentile by Number Answered
Your Score History
You have not taken this quiz